00422nam a2200133Ia 4500008004100000020001800041041000800059082002100067100002400088245011800112250000600230260003900236300001300275210716s2009 xx 000 0 und d a9788178299280 aeng a658.4071244 BHAS aBhatnagar, Subhash. aUnlocking E-governament potential: concepts cases and practical insights.bConcepts cases and practical insights. a1 aNew DelhibSage Publicationsc2009 axxii,351